| 000 | 01014nam2a2200325 4500 | ||
|---|---|---|---|
| 001 | RU\NLR\bibl\214296 | ||
| 005 | 20250619102001.0 | ||
| 010 |
_a5-94024-011-9 _9500 |
||
| 021 |
_aRU _b2001-34928 _91663 |
||
| 035 | _a(NLR Aleph) 000210443 | ||
| 090 |
_a1221424 _c1221424 |
||
| 100 | _a20011129d2001 |||y0rusy50 ca | ||
| 101 | 0 | _arus | |
| 102 | _aRU | ||
| 105 | _ay ||||||||| | ||
| 200 | 0 | _aЧ. 1 | |
| 210 |
_d2001 _aБ. м. |
||
| 215 | _a32,[1] с. | ||
| 461 | 0 |
_1001RU\NLR\bibl\232571 _12001#$aОчерки об образовании$vЧ. 1 _91329573 _aОсипова, Л. В. _cМичуринск _d2001 _fЛ.В. Осипова _nБ.и. _tОчерки об образовании _vЧ. 1 |
|
| 610 | 0 | _aДетские дома | |
| 610 | 0 | _aШкола | |
| 675 |
_a37.01(470.326) _v3 _zrus |
||
| 686 |
_a14 _2rugasnti |
||
| 686 |
_a74.00 _2rubbk |
||
| 801 | 0 |
_aRU _bRKP _c20011129 _gPSBO |
|
| 801 | 1 |
_aRU _bRKP _c20011129 |
|
| 801 | 2 |
_aRU _bNLR _c20020304 _grcr |
|
| 942 | _cBOOK | ||
| 980 | _aNB | ||